American Medical Association family medical guide / (Record no. 1017)
[ view plain ]
| 000 -LEADER | |
|---|---|
| fixed length control field | 02532cam a22003134a 4500 |
| 005 - DATE AND TIME OF LATEST TRANSACTION | |
| control field | 20260322212043.0 |
| 008 - FIXED-LENGTH DATA ELEMENTS--GENERAL INFORMATION | |
| fixed length control field | data |
| 010 ## - LIBRARY OF CONGRESS CONTROL NUMBER | |
| LC control number | 2004005764 |
| 020 ## - INTERNATIONAL STANDARD BOOK NUMBER | |
| International Standard Book Number | 0471269115 (cloth : alk. paper) |
| 020 ## - INTERNATIONAL STANDARD BOOK NUMBER | |
| International Standard Book Number | 9780471269113 (cloth : alk. paper) |
| 040 ## - CATALOGING SOURCE | |
| Original cataloging agency | DLC |
| Transcribing agency | DLC |
| Modifying agency | DLC |
| 042 ## - AUTHENTICATION CODE | |
| Authentication code | pcc |
| 050 00 - LIBRARY OF CONGRESS CALL NUMBER | |
| Classification number | RC81 |
| Item number | .A543 2004 |
| 082 00 - DEWEY DECIMAL CLASSIFICATION NUMBER | |
| Classification number | 613 |
| Edition information | 22 |
| 092 ## - LOCALLY ASSIGNED DEWEY CALL NUMBER (OCLC) | |
| Classification number | 613 A543 2004 |
| 001 - CONTROL NUMBER | |
| control field | data |
| 245 10 - TITLE STATEMENT | |
| Title | American Medical Association family medical guide / |
| Statement of responsibility, etc. | American Medical Association. |
| 246 30 - VARYING FORM OF TITLE | |
| Title proper/short title | Family medical guide |
| 250 ## - EDITION STATEMENT | |
| Edition statement | 4th ed., completely rev. and updated. |
| 260 ## - PUBLICATION, DISTRIBUTION, ETC. | |
| Place of publication, distribution, etc. | Hoboken, N.J. : |
| Name of publisher, distributor, etc. | John Wiley & Sons, |
| Date of publication, distribution, etc. | c2004. |
| 300 ## - PHYSICAL DESCRIPTION | |
| Extent | xiv, 1184 p. : |
| Other physical details | ill. (some col.) ; |
| Dimensions | 24 cm. |
| 500 ## - GENERAL NOTE | |
| General note | Includes index. |
| 505 0# - FORMATTED CONTENTS NOTE | |
| Formatted contents note | What you should know: information to keep your healthy -- Staying healthy -- Diet and health -- Exercise, fitness, and health -- A healthy weight -- Reducing stress -- Staying safe -- Preventing violence -- Preventive health care (includes a 32-page 4-color section-regular checkups, self-exams, atlas of the body, dermatology photos, common screening and diagnostic tests (including 4-color imaging scans) -- Complementary and alternative medicine -- First aid and caregiving -- First aid -- Home caregiving -- What are your symptoms? -- Symptoms charts -- Health issues throughout life -- Children's health -- Adolescent health -- Sexuality -- Infertility -- Pregnancy and childbirth -- Dying and death -- Diseases, disorders, and other problems -- Disorders of the heart and circulation -- Blood disorders -- Disorders of the respiratory system -- Disorders of the brain and nervous system -- Behavioral, emotional, and mental disorders -- Disorders of the digestive system -- Disorders of the urinary tract -- Disorders of the male reproductive system -- Disorders of the female reproductive system and urinary tract -- Hormonal disorders -- Disorders of the immune system -- Infections and infestations -- Genetic disorders -- Disorders of the bones, muscles, and joints -- Disorders of the ear -- Eye disorders -- Disorders of the skin, hair, and nails -- Cosmetic surgery -- Teeth and gums. |
| 650 #0 - SUBJECT ADDED ENTRY--TOPICAL TERM | |
| Topical term or geographic name entry element | Medicine, Popular. |
| 720 2# - ADDED ENTRY--UNCONTROLLED NAME | |
| Name | American Medical Association. |
| 856 41 - ELECTRONIC LOCATION AND ACCESS | |
| Materials specified | Table of contents only |
| Uniform Resource Identifier | <a href="http://www.loc.gov/catdir/toc/wiley041/2004005764.html">http://www.loc.gov/catdir/toc/wiley041/2004005764.html</a> |
| 856 42 - ELECTRONIC LOCATION AND ACCESS | |
| Materials specified | Publisher description |
| Uniform Resource Identifier | <a href="http://www.loc.gov/catdir/description/wiley041/2004005764.html">http://www.loc.gov/catdir/description/wiley041/2004005764.html</a> |
| 856 42 - ELECTRONIC LOCATION AND ACCESS | |
| Materials specified | Contributor biographical information |
| Uniform Resource Identifier | <a href="http://www.loc.gov/catdir/enhancements/fy0616/2004005764-b.html">http://www.loc.gov/catdir/enhancements/fy0616/2004005764-b.html</a> |
| Withdrawn status | Lost status | Damaged status | Not for loan | Home library | Current library | Shelving location | Date acquired | Total checkouts | Full call number | Barcode | Date last seen | Price effective from | Koha item type |
|---|---|---|---|---|---|---|---|---|---|---|---|---|---|
| Franklin | Franklin | General stacks | 22/03/2026 | 613 22 | BC0011051 | 22/03/2026 | 22/03/2026 | Books |